000 00603nam a2200229 a 4500
005 20140310183357.0
008 120929s19uu xx 00 eng d
020 _a9789380540290
050 _aG 155
_b.Si617 2010
100 _aSingh, Mahesh Chandra
245 _aSecond home tourism /
_cMahesh Chandra Singh.
250 _a1st ed.
260 _aNew Delhi, India :
_bCentrum Press,
_c2010.
300 _a336 p. :
_c22 cm.
500 _aIncludes index
521 _aTOU
650 _aVacation homes
650 _aSecond homes
650 _aTourism
942 _cBK
_2lcc
_kFOR
999 _c22263
_d22263